000 00431nam a2200181 a 4500
001 1766477370794
003 ACL
005 20251223135252.0
008 251223s2005##################000#0#eng##
020 _a9780471696957
082 0 4 _a647.950687
_bREE
100 1 _aReed, Lewis,
_eauthor.
245 1 0 _aSpecs :
260 _bWiley,
_c2005.
650 0 _aTechnology & Engineering.
942 _cENGLISH
040 _aACL
_beng
_cACL
999 _c604215
_d604215